<?xml version="1.0" encoding="UTF-8"?>
<record
    xmlns:xsi="http://www.w3.org/2001/XMLSchema-instance"
    xsi:schemaLocation="http://www.loc.gov/MARC21/slim http://www.loc.gov/standards/marcxml/schema/MARC21slim.xsd"
    xmlns="http://www.loc.gov/MARC21/slim">

  <leader>01212nam a22002297a 4500</leader>
  <controlfield tag="003">dpl</controlfield>
  <controlfield tag="005">20231211114741.0</controlfield>
  <controlfield tag="008">231211b        |||||||| |||| 00| 0 eng d</controlfield>
  <datafield tag="010" ind1=" " ind2=" ">
    <subfield code="a">B-755917                                SP</subfield>
  </datafield>
  <datafield tag="020" ind1=" " ind2=" ">
    <subfield code="a">9788188125016</subfield>
    <subfield code="c">580.00</subfield>
  </datafield>
  <datafield tag="035" ind1=" " ind2=" ">
    <subfield code="a">B-755917</subfield>
  </datafield>
  <datafield tag="040" ind1=" " ind2=" ">
    <subfield code="c">0</subfield>
  </datafield>
  <datafield tag="082" ind1=" " ind2=" ">
    <subfield code="a">921</subfield>
  </datafield>
  <datafield tag="100" ind1=" " ind2=" ">
    <subfield code="4">&#x939;&#x93F;&#x91F;&#x932;&#x930;,&#x905;&#x921;&#x94B;&#x932;&#x94D;&#x92B;&#x93C; </subfield>
  </datafield>
  <datafield tag="245" ind1=" " ind2=" ">
    <subfield code="a">&#x92E;&#x947;&#x930;&#x93E; &#x938;&#x902;&#x918;&#x930;&#x94D;&#x937; (&#x939;&#x93F;&#x91F;&#x932;&#x930; &#x915;&#x940; &#x906;&#x924;&#x94D;&#x92E;&#x915;&#x925;&#x93E;)/</subfield>
    <subfield code="c">&#x939;&#x93F;&#x91F;&#x932;&#x930;,&#x905;&#x921;&#x94B;&#x932;&#x94D;&#x92B;&#x93C;               </subfield>
  </datafield>
  <datafield tag="260" ind1=" " ind2=" ">
    <subfield code="a">&#x928;&#x908; &#x926;&#x93F;&#x932;&#x94D;&#x932;&#x940; </subfield>
    <subfield code="b">&#x91C;&#x917;&#x924;&#x930;&#x93E;&#x92E; &#x90F;&#x902;&#x921; &#x938;&#x928;&#x94D;&#x938; </subfield>
    <subfield code="c">2018</subfield>
  </datafield>
  <datafield tag="270" ind1=" " ind2=" ">
    <subfield code="a">4860-62/24, &#x92A;&#x94D;&#x930;&#x925;&#x92E; &#x924;&#x932; , &#x905;&#x902;&#x938;&#x93E;&#x930;&#x940; &#x930;&#x94B;&#x921;, &#x926;&#x930;&#x93F;&#x92F;&#x93E;&#x917;&#x902;&#x91C; </subfield>
    <subfield code="b">&#x928;&#x908; &#x926;&#x93F;&#x932;&#x94D;&#x932;&#x940; </subfield>
    <subfield code="e">110002</subfield>
  </datafield>
  <datafield tag="300" ind1=" " ind2=" ">
    <subfield code="a">591&#x92A;&#x943;.</subfield>
    <subfield code="c">22&#x938;&#x947;&#x92E;&#x940; .(&#x938;&#x91C;&#x93F;&#x932;&#x94D;&#x926;)</subfield>
  </datafield>
  <datafield tag="700" ind1=" " ind2=" ">
    <subfield code="4">&#x92E;&#x926;&#x93E;&#x928;, &#x90F;&#x928;.&#x90F;&#x932;.</subfield>
    <subfield code="d">&#x905;&#x928;&#x941;&#x935;&#x93E;&#x926;&#x915; </subfield>
    <subfield code="9">59707</subfield>
  </datafield>
  <datafield tag="942" ind1=" " ind2=" ">
    <subfield code="2">ddc</subfield>
    <subfield code="c">HN</subfield>
    <subfield code="h">921</subfield>
    <subfield code="m">&#x939;&#x93F;&#x91F;&#x932; </subfield>
  </datafield>
  <datafield tag="999" ind1=" " ind2=" ">
    <subfield code="c">199588</subfield>
    <subfield code="d">199588</subfield>
  </datafield>
</record>
